[Event "Hoogovens"]
[Site "Wijk aan Zee"]
[Date "1997.01.31"]
[Round "11"]
[White "Glek, Igor Vladimirovich"]
[Black "Kortschnoj, Viktor Lvovich"]
[Result "1/2-1/2"]
[WhiteElo "2620"]
[BlackElo "2635"]
[Annotator "Tsesarsky,I"]
[PlyCount "151"]
[EventDate "1997.01.18"]
[EventType "tourn"]
[EventRounds "13"]
[EventCountry "NED"]
[EventCategory "16"]
[SourceTitle "CBM 057"]
[Source "ChessBase"]
[SourceDate "1997.04.01"]
[SourceVersion "1"]
[SourceVersionDate "1997.04.01"]
[SourceQuality "1"]

1. e4 e5 2. Nf3 Nc6 3. Nc3 Nf6 4. g3 Bb4 5. Bg2 Bxc3 (5... O-O 6. O-O (6. d3
Bxc3+ 7. bxc3 d6 8. Rb1 $14) 6... Bxc3 7. dxc3 d6 (7... Nxe4 8. Re1 (8. Nxe5
Nxe5 9. Bxe4 d6 10. f4 Ng4 (10... Nd7) 11. f5 Nf6 12. Bg2 Re8 $11 {1-0 Glek,
I-Grabarczyk,M/Katowice op 1992 (39)}) 8... Nf6 9. Nxe5 Nxe5 10. Rxe5 d6 11.
Re1 Re8 {+/=/=}) 8. Nh4 {/\->>>} Be6 (8... Ne8 {/\g6,Ng7,f6,Be6}) 9. f4 {
/\f5,g4 ->K} exf4 (9... Bg4 10. Qe1 exf4 11. Bxf4 $14) 10. Bxf4 (10. gxf4 {
Ftacnik} Nxe4 $1 11. Qh5 f5 $17) 10... Ng4 {Ne5 [+]} 11. Nf5 Nge5 (11... Bxf5
12. exf5 {+/=/+/- ^^,/^h1-a8}) 12. g4 f6 (12... g6 {Ftacnik} 13. Ne3 Qd7 14. g5
f6 15. Nd5 $36) 13. h3 Qd7 14. b3 Rae8 (14... Rad8 {Ftacnik} 15. Qd2 d5 16.
Bxe5 fxe5 17. exd5 Bxd5 18. Rad1 Be6 19. Qxd7 Bxd7 20. Bxc6 Bxc6 21. Ne7+ Kh8
22. Rxd8 Rxd8 23. Nxc6 bxc6 24. Rf7 $16) 15. Bg3 Nf7 {/\Ng5 קe4} 16. Qd2 Ng5 (
16... Nce5 {Ftacnik} 17. Rad1 $14) 17. Rae1 $11 {1-0 Glek,I-Rozentalis,E/Bonn
GSK 1994 (25)}) 6. bxc3 $146 (6. dxc3 d6 7. Nh4 (7. Bg5 h6 8. Bxf6 Qxf6 $11 {
Glek,I-Adams,M/BL 1995/1/2-1/2 (59)}) 7... h6 8. Nf5 Bxf5 9. exf5 Qd7 10. g4
O-O-O $132 {Glek,I-Piket,J/NLD-chT 1995/1/2-1/2 (47)}) 6... Nxe4 7. Nxe5 Nxe5 (
7... Nxc3 $4 8. Nxc6 Nxd1 9. Nxd8 $18) (7... Qf6 8. Bxe4 Qxe5 9. O-O $14) 8.
Bxe4 d5 $11 9. Bg2 O-O (9... Bg4 $5 10. f3 Bc8 11. O-O (11. d4 Nc4 12. Qe2+ (
12. O-O O-O $11) 12... Be6 13. O-O O-O $11) (11. Qe2 O-O) 11... O-O 12. f4 Bg4
13. Qe1 Nc4 14. Qf2 Re8 $132) 10. O-O Re8 (10... Bg4 $5 11. f3 Bc8 12. h3 (12.
d3 Re8 13. h3 c5 14. f4 (14. d4 Nc4 15. dxc5 Qc7 (15... Be6 16. f4 Qd7 17. f5
Bxf5 18. Qxd5 Qxd5 19. Bxd5 Be6 20. Bxb7 Bxh3 21. Bxa8 Bxf1 22. Bd5 Be2 23. Rb1
$16) 16. f4 Ne3 17. Re1 (17. Qe1 Qxc5 18. Kh1 Bxh3 $1 $19) 17... Bg4 $1 18. Qd3
Nxg2 (18... Bf5 $4 19. Qe2 $18) 19. Rxe8+ Rxe8 20. hxg4 Ne1 21. Qxd5 Nxc2 22.
Rb1 Re1+ 23. Kh2 Ne3 24. Qxb7 Nxg4+ 25. Kh3 Qxb7 26. Rxb7 h5 27. Ba3 Ne3 28.
Rb2 Rh1+ 29. Rh2 Rg1 30. Rd2 (30. c6 Nf5 31. Rg2 Rh1+ 32. Rh2 Rg1 $11) 30...
Rh1+ 31. Rh2 $11) 14... Nc6 15. Qf3 d4 $11) 12... Re8 13. f4 (13. d3 c5 14. f4
Nc6 15. Qf3 d4 $11) 13... Nc4 14. Re1 (14. d3 Ne3 $11) 14... Rxe1+ 15. Qxe1 c6
16. d3 Nd6 17. Be3 Be6 $11) 11. d3 c6 (11... c5 12. h3 Nc6 13. Qf3 Be6 $11) 12.
h3 f6 $5 (12... Qa5 $11) 13. a4 Be6 14. a5 (14. f4 Qb6+ 15. Kh2 Nd7 16. a5 $6
Qc5 17. Bd2 (17. Qd2 Bf7 18. a6 b5 19. Ba3 Qb6 20. Bb2 Qe3 21. Qxe3 Rxe3 22.
Rfe1 Rxe1 23. Rxe1 Nc5 24. Ra1 Na4 25. Ra2 Re8 $17) 17... Re7 18. d4 Qb5 19. f5
Bf7 20. Rb1 Qa6 21. Qg4 Kh8 22. Rfe1 Rxe1 23. Rxe1 Re8 24. Rb1 b6 25. axb6 axb6
26. Re1 Rxe1 27. Bxe1 $11) 14... Qd7 15. Kh2 Nf7 16. Bf4 Nd6 17. Qb1 (17. Re1
$11) 17... Nb5 18. Qb2 Rac8 $6 (18... Re7 19. Rfe1 Rae8 20. Rab1 $11) 19. Rfb1
Re7 20. Qb4 Rd8 21. c4 $5 dxc4 22. dxc4 Nd4 23. Rd1 Qe8 (23... Nxc2 $2 24. Rxd7
Rexd7 25. Qc3 Nxa1 26. Qxa1 Bxc4 27. Be3 $18) 24. Qb2 (24. c3 $6 Nc2 25. Rxd8
Qxd8 26. Rd1 Rd7 27. Rxd7 Qxd7 28. Qc5 g5 $15) 24... c5 $6 (24... Nf5 $5 25.
Rxd8 Qxd8 26. a6 b6 27. c5 bxc5 (27... g5 $2 28. Bc1 Qd4 (28... bxc5 29. Qxf6
$16) 29. Qxd4 Nxd4 30. cxb6 $18) 28. Bxc6 Nd4 29. Bg2 Bf5 (29... Ne2 30. Be3
Qd6 31. Qa3 (31. c3 Bc4) 31... Nd4 32. Rd1 Qc7 33. Bf4 $16) 30. c3 Ne6 31. Qb3
$14 {BB}) 25. c3 Nf5 (25... Nc6 26. Rxd8 Nxd8 (26... Qxd8 27. a6 Bc8 28. Qb5
Qd7 29. axb7 Bxb7 30. Bd5+ Kh8 31. Qxc5 $18) 27. Bd6 Rd7 28. Bxc5 $16) 26. Qc2
$2 (26. Bxb7 $1 Bxc4 (26... Rxd1 27. Rxd1 Bxc4 28. Bg2 Bf7 (28... Re2 29. Qb7
Rxf2 30. Kh1 g5 31. Qc7 gxf4 32. Rd8 Nxg3+ 33. Kg1 Re2 34. Rxe8+ Rxe8 35. Qxc5
$18) 29. Rd2 $14) (26... g5 27. Bc6 Qf8 28. Rxd8 Qxd8 29. Qb8 Qxb8 30. Bxb8 $16
) 27. Bc6 $1 Qf8 28. Qc2 g6 29. Be4 Be6 30. g4 $16) 26... g5 27. Rxd8 $6 (27.
Bd5 Bxd5 28. cxd5 Qd7 29. Bc7 Ne3 30. fxe3 (30. d6 $2 Nxc2 31. dxe7 Qxe7 32.
Rxd8+ Kf7 33. Rad1 Kg6 34. R1d7 Qe1 35. Rd2 Nd4 36. Rb2 Qc1 37. Rxb7 Qf1 $19)
30... Qxc7 31. e4 $11) 27... Qxd8 $15 28. Bc1 Nd6 29. Be3 Qc7 (29... Qc8) 30.
h4 Nxc4 (30... gxh4 31. Bf4 hxg3+ 32. fxg3 $44) 31. hxg5 Nxe3 32. fxe3 fxg5 33.
Rb1 Qe5 $6 (33... Bc8 34. Bd5+ Kg7 35. Qf2 $132 {[%csl Rg7][%cal Gb1f1]}) (
33... Qxa5 $5 34. Bxb7 (34. Rxb7 Rxb7 35. Bxb7 Qa2 $19) 34... c4 $17) 34. Rxb7
Rxb7 35. Bxb7 Qxe3 $15 36. Bg2 c4 (36... Kg7 37. Qd1 Qxc3 38. Qd8 Qe3 39. Qc7+
$11 {[%csl Ya5,Ra7]}) 37. Qd1 Bf7 (37... Qxc3 38. Qd8+ Kf7 39. Qc7+ Kf6 40.
Qxa7 (40. Qd8+ Kg6 41. Qe7 Qe3 42. Qe8+ Kf6 43. Qf8+ Bf7 $19) 40... Qd2 41. Qa8
c3 42. a6 c2 43. a7 c1=Q 44. Qh8+ Kg6 45. a8=Q Qf1 46. Qae8+ (46. Qhe8+ Qf7 47.
Qe4+ Kf6 48. Qh8+ Ke7 49. Qb7+ Qd7 $11) 46... Qf7 47. Qhg8+ Kf6 $11) 38. Qd8+
Kg7 39. Qc7 h5 40. a6 (40. Bd5 Qd2+ 41. Bg2 {[%csl Ra7]} Qxc3 42. Qxa7 Qe5 43.
a6 h4 44. Qf2 c3 45. a7 c2 46. a8=Q c1=Q 47. Qe4 Qcc3 48. Qxe5+ Qxe5 $11) 40...
h4 41. gxh4 gxh4 42. Qd7 $11 Qf2 (42... Qg3+ 43. Kh1 Qxc3 44. Qxa7 h3 (44...
Qe1+ 45. Qg1 Qxg1+ 46. Kxg1 c3 47. a7 c2 48. a8=Q c1=Q+ 49. Kh2 $11) 45. Bb7
Qe1+ 46. Kh2 Be6 47. Qd4+ $18 {[%cal Ga6a7]}) 43. Qd6 Qf6 (43... Qe3 44. Qd7)
44. Qd7 Qxa6 45. Qg4+ Kf8 (45... Qg6 46. Qxh4 a5 47. Qd4+ Qf6 48. Qg4+ Kh6 49.
Qh3+ Kg5 50. Qg3+ Kh5 51. Bf3+ Kh6 52. Qh3+ Kg7 53. Qg4+ Kh7 54. Be4+ Kh6 55.
Qh3+ Kg5 56. Qg3+ Kh5 57. Bf3+ $11) 46. Qxh4 Qd6+ 47. Kg1 a5 48. Qe4 $4 {
[%csl Rc3]} (48. Qh8+ $1 Bg8 49. Qh3 a4 50. Qc8+ Kg7 51. Qg4+ $11) 48... a4 $4
(48... Qb6+ 49. Kh2 (49. Qd4 Qxd4+ 50. cxd4 c3 51. Be4 a4 $19) (49. Kf1 Qf6+
50. Ke2 (50. Qf3 Qxf3+ 51. Bxf3 a4 52. Be4 a3 53. Bb1 Bg6 54. Ba2 Bc2 $19 55.
Bxc4 Bd3+) 50... Qxc3 $19) 49... Qh6+ 50. Kg3 Qg7+ 51. Kf4 Qxc3 $19) 49. Qa8+
Be8 (49... Ke7 50. Qxa4 Qb6+ 51. Kh2 Qh6+ 52. Kg3 Qg7+ 53. Kf2 Qxc3 54. Qa7+
Kf6 55. Qb6+ $15) 50. Qf3+ Ke7 51. Qe4+ Qe6 (51... Kf8 52. Qxc4 a3 53. Bd5 $11)
52. Qh4+ Kd6 (52... Kf7 53. Qf4+) 53. Qd4+ Kc7 54. Qa7+ Kd8 55. Qa5+ Ke7 56.
Qc5+ Qd6 57. Qxc4 $11 a3 58. Qh4+ Kd7 59. Qa4+ Kd8 60. Qa5+ Ke7 61. Bd5 Kf6 62.
Qa8 Bf7 63. Qh8+ Kg6 64. Bxf7+ Kxf7 65. Qh7+ Ke8 66. Qg8+ Kd7 67. Qg4+ Kc7 68.
Qc4+ Kb6 69. Qb3+ Ka7 70. Kf1 Qf4+ 71. Ke2 Qh2+ 72. Kd3 a2 73. Qa3+ (73. Qf7+
Kb6 74. Qe6+ Kc7 75. Qe7+ Kc6 76. Qe8+ $11) 73... Kb6 74. Kc4 Qg1 (74... Qh7
75. Qc5+ Kb7 76. Qb5+ $11) 75. Qd6+ Kb7 76. Qd7+ 1/2-1/2

[Event "Hoogovens"]
[Site "Wijk aan Zee"]
[Date "1997.01.26"]
[Round "7"]
[White "Glek, Igor Vladimirovich"]
[Black "Onischuk, Alexander"]
[Result "0-1"]
[WhiteElo "2620"]
[BlackElo "2580"]
[Annotator "Tsesarsky,I"]
[PlyCount "58"]
[EventDate "1997.01.18"]
[EventType "tourn"]
[EventRounds "13"]
[EventCountry "NED"]
[EventCategory "16"]
[SourceTitle "CBM 057"]
[Source "ChessBase"]
[SourceDate "1997.04.01"]
[SourceVersion "1"]
[SourceVersionDate "1997.04.01"]
[SourceQuality "1"]

1. e4 e5 2. Nf3 Nc6 3. Nc3 Nf6 4. g3 Bb4 5. Bg2 d6 6. d3 (6. O-O Bxc3 7. dxc3
Nxe4 8. Nxe5 dxe5 (8... Nxe5 9. Bxe4 $14) 9. Qxd8+ Nxd8 10. Bxe4 O-O 11. Re1
$14 {1/2-1/2 Guyot,P-Daillet,E/FRA-chT 1993 (44)}) 6... h6 (6... Bg4 7. h3 Bh5
8. O-O h6 9. Nd5 Nxd5 10. exd5 Ne7 11. c3 Bc5 12. g4 Bg6 13. d4 exd4 14. Nxd4
$14 {Ioseliani,N-Gaprindashvili,N/Tbilisi (m1) 1980/1/2-1/2 (53)}) 7. O-O Ne7
$146 (7... Be6 $144 8. Nh4 a6 9. Nf5 Kf8 $132 (9... O-O) 10. f4 Bc5+ 11. Kh1
Qd7 12. g4 h5 13. fxe5 dxe5 14. g5 Ng4 15. Qe1 Nb4 16. Qe2 Kg8 17. h3 Nc6 18.
Nd5 Bxf5 19. exf5 Nd4 20. Qe4 c6 $17 21. Ne3 Ne2 22. Qf3 Nxc1 23. Nxg4 hxg4 24.
Qxg4 Be3 25. Be4 Rd8 (25... Qd4 26. c3 Qb6 $17) 26. Raxc1 Bxc1 27. Rxc1 Qd4 28.
Rg1 Qf2 $4 $13 (28... Qxb2 $19) 29. Rg2 Qe1+ 30. Kh2 Rh4 31. Qg3 Qxg3+ 32. Kxg3
$14 {Glek,I-Blatny,P/BL 1995/1-0 (74)}) 8. d4 $6 (8. Bd2 $11) (8. Nh4 g5 $5 9.
Qf3 (9. Nf5 Nxf5 10. exf5 c6 $132) 9... Nfg8 10. Nf5 Nxf5 11. exf5 Bxc3 12.
bxc3 Ne7 $13) 8... Bxc3 9. bxc3 Ng6 (9... Nxe4 10. Qe1 (10. Nxe5 $2 Bf5 $2 (
10... Nxc3 $1 11. Nxf7 $8 Nxd1 (11... Kxf7 12. Qf3+ Nf5 13. Qxc3 $16) 12. Nxd8
Nc3 13. Nxb7 (13. Bxb7 Bxb7 14. Nxb7 Rb8 15. Na5 Ne2+ 16. Kg2 Nxd4 $17) 13...
Rb8 14. Na5 Ne2+ 15. Kh1 Nxd4 16. Be4 Bf5 $17) 11. Qe1 dxe5 12. Bxe4 Bxe4 (
12... Bh3 13. Bxb7 Rb8 14. Bg2 Bxg2 15. Kxg2 Qd5+ 16. f3 exd4 17. Ba3 c5 18.
cxd4 Qxd4 19. Rd1 Qc4 20. Qe5 $18) 13. Qxe4 exd4 14. Ba3 $18) 10... f5 11. dxe5
O-O 12. c4 $132 (12. exd6 Qxd6 13. Bf4 Qc5 14. Nd2 Nd5 15. Nxe4 fxe4 16. Bd2
Bf5 $11)) 10. Ba3 Qd7 $5 (10... O-O $6 11. dxe5 Nxe4 12. Qd5 Bf5 13. exd6 Nxd6
14. Bxd6 Be6 15. Qxb7 Qxd6 16. Nd4 Bc4 (16... Rfb8 17. Qc6 $1 $18) 17. Rfe1 $16
) 11. dxe5 (11. Qd3 Qa4 12. Bc1 O-O $15) 11... dxe5 12. Qc1 (12. Qxd7+ $6 Bxd7
$15) 12... Qe6 13. Rb1 $2 (13. Qe3 $5 $132 b6 14. Nd2 Bb7 15. c4 $11) (13. Nd2
b6 $1 {[%csl Ra3][%cal Gc7c5]} (13... Bd7 $6 14. c4 O-O-O 15. Rb1 Bc6 16. f3 h5
17. h4 Nd7 18. Rd1 Nb6 19. Kh2 Qf6 20. Bc5 Kb8 (20... Nxh4 21. gxh4 Qxh4+ 22.
Kg1 $16) 21. Be3 $14) 14. f4 exf4 15. gxf4 Nh4 $15) 13... b6 14. Ne1 $6 (14.
Nd2 $142) 14... Bb7 15. Nd3 (15. f4 exf4 16. gxf4 Nh4 17. f5 Qe5 18. Nd3 Qxc3
19. Bh1 Rg8 $5 (19... Bxe4 $2 20. Re1 $16) (19... O-O-O $1 20. Bb2 Qc4 21. Qf4
(21. Rf4 g5 22. fxg6 (22. Rxh4 gxh4 23. Bxf6 Rhg8+ 24. Kf2 Rde8 (24... Bxe4 25.
Rb4 Qc6 26. Bxe4 Qxf6 27. Qf4 $132) 25. Rb4 Qxa2 26. Bxh4 $132) 22... Rhg8 (
22... Nxg6 23. Rxf6 Rhg8 24. Kf2) 23. Rxf6 (23. Bxf6 Rxg6+ 24. Kf1 Rxd3 25.
cxd3 Qxd3+ 26. Kf2 Rxf6 27. Rxf6 Qd4+ $17) 23... Nxg6 24. Kf2 Bxe4 25. Bxe4 (
25. Bf3 Bxf3 26. Rxf3 Qh4+ 27. Kf1 Qxh2 $17) 25... Qxe4 26. Qe3 (26. Qh1 Qh4+
27. Kf1 Qh3+ 28. Ke1 (28. Qg2 Rxd3 $19) 28... Qh4+ 29. Kd1 Qh5+ 30. Kd2 Qg5+)
26... Qh4+ 27. Qg3 Qc4 28. Rc1 Qxa2 29. Qg4+ Kb8 30. Ra1 Qd5 31. Qa4 a5 32. Qc6
Qh5 $17) 21... g5 22. fxg6 Rhg8 23. Qxh4 (23. Bxf6 $4 Rxg6+ 24. Kf2 Qxc2+ 25.
Ke1 Rg2 $19) 23... Rxg6+ 24. Bg2 Rxg2+ 25. Kxg2 Bxe4+ 26. Kg1 Rg8+ $19)) 15...
Bxe4 16. f4 $6 (16. f3 Bc6 (16... Bd5 17. c4 $5) (16... Bb7 17. Nc5 $1) 17. Re1
O-O-O $17) 16... Bxg2 17. f5 (17. Kxg2 Qxa2 18. Re1 Qd5+ 19. Kg1 e4 20. Nf2
O-O-O $19) 17... Qd5 $19 18. c4 (18. fxg6 Bxf1 19. Qxf1 fxg6 $19) 18... Qe4 19.
Rf2 Nh4 $1 20. gxh4 (20. Rb5 Nf3+ 21. Rxf3 Qxf3 22. Rxe5+ Kd8 23. Re3 Qxf5 (
23... Qb7 24. Qd2) 24. Kxg2 Re8 $19) 20... Bh3 21. Qe1 (21. Qb2 Qg4+ 22. Kh1
O-O-O $19) 21... O-O-O (21... Qg4+ $2 22. Kh1 e4 (22... Ne4 23. Re2 Qf3+ 24.
Kg1 f6 25. Rb3 Qg4+ 26. Kh1 Nd6 (26... Qxf5 27. Nxe5 $1 fxe5 28. Rxe4 O-O-O 29.
Rbe3 $17) 27. Nxe5 fxe5 28. Rxe5+ Kd8 29. Rg3 Qxh4 30. Qd1 $1 $13) 23. Bb2 Qxh4
24. Bxf6 gxf6 25. Rf4 Qxe1+ 26. Rxe1 Rg8 27. Rfxe4+ Kd7 $17) 22. Nxe5 $8 Rhe8
23. Bb2 (23. Qxe4 Nxe4 24. Nxf7 Rd7 $19) 23... Qxh4 24. Rf3 Qg5+ (24... Qh5 25.
Qg3 Bxf5 $19) 25. Qg3 Ne4 (25... Qxg3+ 26. Rxg3 Bxf5 27. Rf1 g6 28. Nxf7 Ne4
29. Rd3 Rxd3 30. cxd3 Nc5 31. d4 $17) 26. Nxf7 $6 (26. Qxg5 $142 Nxg5 27. Rf2
Kb7 28. c5 (28. Nd3 f6 $19 (28... Bg4 29. Kg2 Ne4 30. Rf4 Nd2 31. Re1 Rxe1 32.
Nxe1 Be2 $17)) 28... Rd5 $19) 26... Qxg3+ 27. hxg3 Rd2 28. Ne5 (28. g4 Bxg4 29.
Re3 Bxf5 $19) 28... Rg2+ 29. Kh1 Nd2 0-1

[Event "Haarlem BDO-A 9th"]
[Site "Haarlem"]
[Date "2013.08.18"]
[Round "2"]
[White "Van den Doel, Erik"]
[Black "L'Ami, Erwin"]
[Result "1-0"]
[WhiteElo "2562"]
[BlackElo "2626"]
[Annotator "Van den Doel,E"]
[PlyCount "91"]
[EventDate "2013.08.17"]
[EventType "tourn"]
[EventRounds "9"]
[EventCountry "NED"]
[EventCategory "10"]
[SourceTitle "EXT 2018"]
[Source "ChessBase"]
[SourceDate "2017.10.13"]
[SourceVersion "1"]
[SourceVersionDate "2017.10.13"]
[SourceQuality "1"]

1. e4 e5 2. Nf3 Nc6 3. Nc3 {No Ruy Lopez this time.} Nf6 4. d4 exd4 5. Nxd4 Bb4
6. Nxc6 bxc6 7. Bd3 d5 8. exd5 Qe7+ (8... cxd5 9. O-O O-O {is the main line.})
9. Qe2 cxd5 10. Qxe7+ Kxe7 {Here we were both out of book. With has a small
plus as he is going to play c2-c4 and because the black king feels a bit
uncomfortable in the middle of the board in this middlegame.} 11. O-O c6 12.
Ne2 Bd7 13. c4 Rhb8 14. Be3 Bd6 15. cxd5 cxd5 (15... Rxb2 16. dxc6 Bxc6 17. Nd4
{White is better because of the insecure black king and because the rook on b2
can sometimes be trapped.} Bd7 (17... Bd5 18. Nf5+ Kd7 19. Rfd1 $18 {
threatening Bd4.}) 18. Nb3 Ng4 19. Bd4 $16) (15... Nxd5 16. Bd4 {with a small
advantage.}) 16. Bd4 g6 $2 {Erwin was dissatisfied with this move.} (16... Kf8
{was a better try.}) 17. Nc3 a6 (17... Be6 18. Nb5 $16 {and Black is in
trouble.}) 18. Bc2 (18. Bxf6+ Kxf6 19. Nxd5+ Kg7 {is not easy to win. I wanted
more.}) 18... Be6 19. Bb3 Rb4 20. Rad1 (20. Bxf6+ Kxf6 21. Bxd5 (21. Nxd5+ Bxd5
22. Bxd5 Rd8 23. Bb3 a5 {is equal.}) 21... Rab8 22. Ne4+ Ke7 23. Bxe6 Rxe4 {
is hard to win.}) 20... Rc8 21. Bxf6+ $6 (21. Rfe1 {I rejected because of} Bc5
{but} 22. Bxc5+ Rxc5 23. Bxd5 {just wins a pawn for White.} Rxb2 $2 24. Na4)
21... Kxf6 22. Nxd5+ Bxd5 23. Rxd5 Rb6 24. Rfd1 Ke7 25. Kf1 Rc7 26. h4 h6 $6 {
This gives with the opportunity to create additional weaknesses.} (26... h5 {
is the right move.}) 27. h5 g5 (27... Rc5 {would have been better.}) 28. Rf5 f6
{Because of the extra pawn and weaknesses White has good winnig chances. In
time trouble I did not play well.} 29. Rfd5 Rc5 30. Re1+ Kf8 31. Rd3 Rcb5 32.
Re6 $6 Be7 33. Rxb6 $6 (33. Rde3 Rxe6 34. Rxe6 a5 35. Ra6 Rc5 36. Ra8+ Kg7 37.
Ra7 Kf8 38. g3 {gives good winning chances.}) 33... Rxb6 34. Rd7 f5 $1 35. Ke2
Bf6 36. Kd3 Bxb2 37. Rf7+ Ke8 38. Rxf5 Rf6 39. Ke4 Rxf5 (39... Ke7 40. Ra5 Rxf2
41. Rxa6 {still gives White some winning chances.}) 40. Kxf5 {Black did not
have time to think things over.} Ke7 $4 (40... g4 $1 {is logical because the
bishop gets space to defend the pawn on a6. During the post mortem we thought
it would win for White, but Afek found a draw.} 41. Kxg4 Kf8 42. Kf5 Kg7 43. g4
a5 44. f4 Bc1 45. g5 Bd2 46. Bd1 Bc1 47. gxh6+ Kxh6 48. Ke5 Bd2 $1 (48... Kg7
49. f5 Bb2+ 50. Ke6 Bc3 {Whithout the a pawns it would be a draw.} 51. f6+ Bxf6
52. h6+ Kg6 53. Bc2+ Kg5 54. h7 Bd4 55. Kf7 {wins.}) 49. f5 Bc3+ 50. Ke6 Kg5
51. Kf7 Bb2 52. f6 Bc3 $3 {Afek's idea. Black just waits. White has no way to
make progress.} (52... Bxf6 $2 53. h6 Be5 54. h7 $18)) 41. g4 $1 $18 {Stopping
g5-g4 once and for all.} Ba3 (41... Bg7 42. Kg6 Bf8 43. f3 a5 44. a4 Ke8 45.
Bd5 Ke7 46. Bc4 Ke8 47. Kf6 Be7+ 48. Kg7 Bf8+ 49. Kg8 $1 {Zugzwang.} Bb4 (49...
Ke7 50. Bf7 {Zugzwang.}) 50. Bb5+ Ke7 51. Kg7 {wins.}) 42. Kg6 Bd6 43. Kxh6 Kf6
44. Kh7 Bf8 45. h6 a5 46. f3 {A final Zugzwang.} 1-0

[Event "Cacak"]
[Site "Cacak"]
[Date "1996.??.??"]
[Round "4"]
[White "Marinkovic, Ivan"]
[Black "Leko, Peter"]
[Result "1/2-1/2"]
[WhiteElo "2505"]
[BlackElo "2630"]
[Annotator "Van der Ofen,U"]
[PlyCount "90"]
[EventDate "1996.11.??"]
[EventType "tourn"]
[EventRounds "9"]
[EventCountry "YUG"]
[EventCategory "13"]
[SourceTitle "CBM 057"]
[Source "ChessBase"]
[SourceDate "1997.04.01"]
[SourceVersion "1"]
[SourceVersionDate "1997.04.01"]
[SourceQuality "1"]

1. e4 e5 2. Nf3 Nc6 3. Nc3 Nf6 4. g3 Nd4 {Wahls: CBM 56/Survey} 5. Bg2 Nxf3+ 6.
Qxf3 Bc5 7. O-O O-O 8. d3 c6 9. h3 Re8 10. Re1 {Weiß spielt aufs Zentrum und
nicht am Königsflügel. Das ist weniger ehrgeizig, aber dafür solide.} (10. g4
h6 11. Be3 Bxe3 12. fxe3 d6 13. Rf2 Be6 14. Qg3 Nh7 {0-1 Glek,I-Yudasin,L/
EUCup f 1996 (37)}) (10. Bg5 {Wahls} h6 $1 11. Bxf6 Qxf6 12. Qxf6 gxf6 13. Kh2
d6 $11 {Nach dem Damentausch spielt der geschwächte schwarze Königsflügel nur
noch eine untergeordnete Rolle.Das Läuferpaar kompensiert die nachteilhafte
Bauernstruktur vollauf.} 14. f4 Be6 {Idee Tad8,d5 oder b5}) 10... h6 11. a3 b5
12. Be3 d6 13. Rad1 Bxe3 14. Qxe3 a5 15. d4 $11 Qe7 16. Qd2 Rb8 17. Na2 Qc7 18.
Nc1 c5 19. dxc5 dxc5 20. Qd6 Qxd6 21. Rxd6 c4 22. Ne2 b4 23. axb4 Rxb4 24. Rb1
Be6 25. Nc3 Reb8 26. Ra6 Rxb2 27. Rc1 Rd8 28. Rxa5 Rd2 29. Ra2 Rxa2 30. Nxa2 h5
31. Kf1 h4 32. Ke1 Rd8 33. Nc3 Ra8 34. g4 Nh7 35. Kd2 Ng5 36. Rb1 f6 37. Rb4
Ra1 38. Rb1 Ra7 39. Rb4 Kh7 40. Ra4 Rb7 41. Ke3 Bf7 42. Bf1 Rb2 43. Ra2 Rb7 44.
Ra4 Rb2 45. Ra2 Rb7 1/2-1/2

[Event "Saint Louis Spring-A"]
[Site "Saint Louis"]
[Date "2019.03.07"]
[Round "6"]
[White "Ivanchuk, Vassily"]
[Black "Bok, Benjamin"]
[Result "0-1"]
[WhiteElo "2698"]
[BlackElo "2638"]
[Annotator "Yermolinsky,A"]
[PlyCount "80"]
[EventDate "2019.03.02"]
[EventType "tourn"]
[EventRounds "9"]
[EventCountry "USA"]
[EventCategory "17"]
[SourceTitle "CBM 189"]
[Source "ChessBase"]
[SourceDate "2019.04.29"]
[SourceVersion "1"]
[SourceVersionDate "2019.04.29"]
[SourceQuality "1"]

1. e4 e5 2. Nc3 Nf6 3. g3 {As usual one can never guess Ivanchuk's next
opening choice.} d5 4. exd5 Nxd5 5. Bg2 Nxc3 6. bxc3 Bc5 7. Nf3 Nc6 8. O-O O-O
9. Re1 Bg4 {One of possible responses to White's attack on e5.} ({Also common
is} 9... Qf6) ({but} 9... Re8 {can and will be met by} 10. d4) 10. Qe2 {
Black has no issues after this modest reply.} ({Principal is} 10. h3 Bh5 11. g4
Bg6 12. Nxe5 Nxe5 {[#]} 13. d4 ({The idea is to meet} 13. Rxe5 {with} Bd6 $1 ({
rather than} 13... Bxf2+ 14. Kxf2 Qf6+ 15. Rf5 Bxf5 16. gxf5 Qxf5+ 17. Qf3 Qxc2
18. Qe4 $16) 14. Re1 Qh4 {planning} 15. d3 f5 {with pretty good attacking
prospects.}) {The same energetic move works here as well:} 13... f5 14. g5 f4 {
Howell-Matlakov, 2017.}) 10... Qd7 11. Qb5 Qf5 $1 12. Qxc5 Bxf3 13. d3 b6 14.
Qb5 Bxg2 15. Kxg2 Qd7 {For all his trouble playing an"original" opening White
ended up in a slightly inferior position.} 16. Bb2 a6 17. Qa4 Rfe8 18. Re3 Re6
19. Rae1 {[#]} Rh6 $5 {Ivanchuk's young adversary doesn't mess around.} 20. h4
b5 21. Qb3 g5 22. Bc1 $6 ({It all could have ended in a draw after} 22. hxg5
Qh3+ 23. Kf3 Qh5+ 24. Kg2 Qh3+ (24... Qxg5 25. Qd5) 25. Kf3 {etc. Problem was
Ivanchuk didn't want it.}) 22... gxh4 23. Re4 h3+ 24. Kh2 Rf6 25. Be3 Re8 ({
The line} 25... Qf5 26. Rh4 Ne7 27. Rxh3 Qf3 {underscores the absense of the
white queen from the main theater of action.}) 26. a4 Rb8 ({A logical choice
would have been} 26... Na5 27. Qa3 Nb7 28. axb5 axb5 29. Rh4 Nd6 30. Rxh3 Qc6
$11) 27. axb5 axb5 {[#] A local success of drawing the black rook away from
the center led Vassily to believe it was time for action.} 28. f4 $6 {He
proved to be dead wrong.} (28. Rh4 Ne7 29. Rxh3 Nd5 $11) 28... Qg4 $1 {An
energetic response.} 29. fxe5 Qf3 30. Kxh3 ({In case of the relatively better} 
30. Rg1 Qe2+ 31. Kxh3 Qh5+ 32. Kg2 Nxe5 {it's still nothing but trouble for
the white king.}) 30... Rg6 31. Bf4 {[#]} Ne7 ({Full compensation could have
been obtained by strictly positional means:} 31... Nd8 32. R4e3 Qg4+ 33. Kh2
Ne6 34. Rf1 {and now Black can continue with} b4) 32. e6 Nf5 33. exf7+ Kg7 34.
f8=Q+ $2 {There must have been some blunder involved.} ({Ivanchuk had a
perpetual:} 34. Be5+ Kf8 35. Qb4+ Kxf7 36. Qb3+ Kf8) ({or he could simply
defend with} 34. Rg1) 34... Rxf8 35. Re7+ Nxe7 36. Rxe7+ Kh8 37. Be5+ Rff6 38.
Bxf6+ Rxf6 39. Re8+ Kg7 40. Qg8+ {Finally the white queen reappears on the
stage,} Kh6 {as the play comes to an end.} (40... Kh6 {White resigned due to
forced mate after} 41. Kh2 Qf2+ 42. Kh3 Qf1+ 43. Kg4 Qf5+ 44. Kh4 Qh5#) 0-1